قصة علم الجمال / (Record no. 13917)
[ view plain ]
| 000 -الفاتح | |
|---|---|
| حقل البيانات ثابتة الطول | 00603nam a22001457a 4500 |
| 008 - عناصر البيانات ثابتة الطول - معلومات عامة | |
| حقل البيانات ثابتة الطول | 100419s1996 ua|||||r|||| 000 0 ara d |
| 082 ## - رقم تصنيف ديوى العشرى | |
| رقم الطبعة | 22 |
| رقم التصنيف | 111.85 |
| رقم المادة | و ه ب |
| 100 ## - المدخل الرئيسى - إسم شخصى | |
| 9 (RLIN) | 13625 |
| الإسم الشخصى | وهبه، مراد |
| 245 ## - بيان العنوان | |
| العنوان | قصة علم الجمال / |
| بيان المسئوليه,etc | مراد وهبه |
| 260 ## - PUBLICATION, DISTRIBUTION, ETC. (IMPRINT) | |
| مكان الناشر او الموزع | القاهرة: |
| اسم الناشر او الموزع | دار الثقافة الجديدة ، 1996 |
| تاريخ النشر أو التوزيع | 1996 |
| 300 ## - الوصف المادى | |
| التعداد | 75 ص ؛ |
| أبعاد الوعاء | 17 سم |
| 650 ## - المدخل الاضافى بالموضوع-مصطلح موضوعى | |
| 9 (RLIN) | 13626 |
| مصطلح موضوعي أو اسم جغرافي كعنصر مدخل | الجمال، علم |
| 942 ## - عناصر المدخل الإضافي( كوها) | |
| مصدر التصنيف او مخطط الترفيف | Dewey Decimal Classification |
| Koha [default] item type | Book - Borrowing |
| حالة التراجع | حالة الفقد | مصدر التصنيف او خطة الترفيف | حالة تلف | ليس للاعارة | المكان الدائم | المكان الحالي | موقع الترفيف | تاريخ الاكتساب | Source of acquisition | رقم الاستدعاء | الباركود | Date last seen | نوع الوعاء |
|---|---|---|---|---|---|---|---|---|---|---|---|---|---|
| Dewey Decimal Classification | Central Library | Central Library | Lower Floor | 19/04/2010 | Purchase | 111.85 وهب | 000020720 | 15/07/2025 | Book - Borrowing |